00566nam a2200193Ia 450000500170000000800410001702000180005804100120007608200130008810000210010124500780012225000120020026000620021230000210027465000190029565000170031465000200033165000210035120260429111937.0260429s9999||||xx |||||||||||||| ||und|| a9789360800642 aEnglish a934bBAK aBakker, Hans T.  0aVakataka heritage : bIndian culture at the crossroads / cHans T. Bakker a1st ed. aNew Delhi : bManohar Publishers and Distributors,c2025. aviii, 196 p.; hb a Ancient India a Archaeology a Indian culture aVakataka dynasty